00373 2200157 4500001002100000005001700021020001800038035002500056082000800081100001600089245001700105250001000122260004500132300002700177990001100204INLIS00000000001241320150112162419.0 a979-605-713-1 a0010-011500000005186 a813 aEnid Blyton aLima Sekawan acet.I aJakartabPT Gramedia Pustaka Utamac2006 a192 hlm,; 18 cmc18 cm a19.545